Appian's Roman history
Αποθηκεύτηκε σε:
| Κύριος συγγραφέας: | |
|---|---|
| Άλλοι συγγραφείς: | |
| Μορφή: | Βιβλίο |
| Γλώσσα: | English Ancient Greek |
| Δημοσίευση: |
Cambridge, Mass.; : London :
Harvard University Press, Heinemann,
1912-1913
|
| Σειρά: | Loeb classical library ;
; 2-5 |
| Θέματα: | |
| Ετικέτες: |
Προσθήκη ετικέτας
Δεν υπάρχουν, Καταχωρήστε ετικέτα πρώτοι!
|
MARC
| LEADER | 00000cam a2200000 i 4500 | ||
|---|---|---|---|
| 001 | 1/65868 | ||
| 008 | 960614m19121913 eng d | ||
| 020 | |a 0-674-99002-1 (τ.1) | ||
| 020 | |a 0-674-99004-8 (τ.2) | ||
| 020 | |a 0-674-99005-6 (τ.3) | ||
| 020 | |a 0-674-99006-4 (τ.4) | ||
| 035 | |l 10029716 | ||
| 040 | |a GR-MY-UA |b gre |e aacr | ||
| 041 | 0 | |a eng |a grc | |
| 082 | 0 | |a 937 |2 (21) | |
| 100 | 0 | |a Αππιανός Αλεξανδρεύς, |d 2ος αι μ.Χ. | |
| 245 | 1 | 0 | |a Appian's Roman history / |c [Αππιανός] ; μετάφραση: Horace White |
| 260 | |a Cambridge, Mass.; : |a London : |b Harvard University Press, |b Heinemann, |c 1912-1913 | ||
| 300 | |a 4τ. (656;567;485;619 σ.) ; |c 17 εκ. | ||
| 490 | 1 | |a Loeb classical library |v ; 2-5 | |
| 500 | |a Χρονολογία τελευταίας ανατύπωσης: τ.I: 1982 (πρώτη ανατ. 1912), τ.II: 1988, (πρώτη ανατ. 1912) τ.III: 1991 (πρώτη έκδ. 1913), τ.IV: 1990 (πρώτη έκδ. 1913) | ||
| 504 | |a Περιλαμβάνει ευρετήριο | ||
| 651 | 0 | |a Rome |x History |y Empire, 30 B.C.-284 A.D. | |
| 700 | 1 | |a White, Horace. |4 trl | |
| 830 | 0 | |a Loeb classical library ; |v ; 2-5 | |
| 852 | |a INST |b CHIOS |e 19960614 |h 937.06 ΑΠΠ |p 005200007901 |q 005200007901 |t BK |y 0 |z τ.3 | ||
| 852 | |a INST |b CHIOS |e 19960614 |h 937.06 ΑΠΠ |p 005200007902 |q 005200007902 |t BK |y 0 |z τ.2 | ||
| 852 | |a INST |b CHIOS |e 19960614 |h 937.06 ΑΠΠ |p 005200007903 |q 005200007903 |t BK |y 0 |z τ.1 | ||
| 852 | |a INST |b CHIOS |e 19960614 |h 937.06 ΑΠΠ |p 005200017544 |q 005200017544 |t BK |y 0 |z τ.4 | ||
| 852 | |a INST |b CHIOS |e 19960614 |h 937.06 ΑΠΠ |p 005200007901 |q 005200007901 |t BK |v τ.3: |y 0 |z τ.3 | ||
| 852 | |a INST |b CHIOS |e 19960614 |h 937.06 ΑΠΠ |p 005200007902 |q 005200007902 |t BK |v τ.2: |y 0 |z τ.2 | ||
| 852 | |a INST |b CHIOS |e 19960614 |h 937.06 ΑΠΠ |p 005200007903 |q 005200007903 |t BK |v τ.1: |y 0 |z τ.1 | ||
| 852 | |a INST |b CHIOS |e 19960614 |h 937.06 ΑΠΠ |p 005200017544 |q 005200017544 |t BK |v τ.4: |y 0 |z τ.4 | ||
| 852 | |a INST |b LESVOS |e 20060329 |h 937 ΑΠΠ |p 005100035882 |q 005100035882 |t BK |y 0 |z τ.IV | ||
| 852 | |a INST |b LESVOS |e 20060329 |h 937 ΑΠΠ |p 005100035883 |q 005100035883 |t BK |y 0 |z τ.ΙΙΙ | ||
| 852 | |a INST |b LESVOS |e 20060329 |h 937 ΑΠΠ |p 005100035884 |q 005100035884 |t BK |y 0 |z τ.II | ||
| 852 | |a INST |b LESVOS |e 20060329 |h 937 ΑΠΠ |p 005100035885 |q 005100035885 |t BK |y 0 |z τ.Ι | ||
| 852 | |a INST |b LESVOS |e 20060329 |h 937 ΑΠΠ |p 005100035882 |q 005100035882 |t BK |v τ.IV: |y 0 |z τ.IV | ||
| 852 | |a INST |b LESVOS |e 20060329 |h 937 ΑΠΠ |p 005100035883 |q 005100035883 |t BK |v τ.ΙΙΙ: |y 0 |z τ.ΙΙΙ | ||
| 852 | |a INST |b LESVOS |e 20060329 |h 937 ΑΠΠ |p 005100035884 |q 005100035884 |t BK |v τ.II: |y 0 |z τ.II | ||
| 852 | |a INST |b LESVOS |e 20060329 |h 937 ΑΠΠ |p 005100035885 |q 005100035885 |t BK |v τ.Ι: |y 0 |z τ.Ι | ||
| 853 | |a INST |b CHIOS |h 937.06 ΑΠΠ | ||
| 853 | |a INST |b LESVOS |h 937 ΑΠΠ | ||
| 901 | |a BIBL1-2006-1 | ||
| 909 | |a Χ |b 031702 | ||
| 909 | |a Χ |b 031931 | ||
| 909 | |a Λ |b 033027 | ||
| 909 | |a Λ |b 033028 | ||
| 909 | |a Λ |b 033030 | ||
| 909 | |a Λ |b 033029 | ||
| 909 | |a Χ |b 031701 | ||
| 909 | |a Χ |b 031792 | ||
| 922 | |a ΤΔΕ |b 199311 |c ΦΡΑΓΚΟΜΙΧΑΛΟΣ |d LEADER BOOKS | ||